| 000 | 00714nam a22001937a 4500 | ||
|---|---|---|---|
| 008 | 120807t xxu||||| |||| 00| 0 eng d | ||
| 020 | _a0534465455 | ||
| 050 | _aQA76.S5 | ||
| 100 | _aSchneider, G Michael | ||
| 245 |
_aInvitation to computer science. / _cG Michael Schneider and Judith L. Gersting |
||
| 250 | _a3rd ed. | ||
| 260 |
_aAustralia: _bThoson, _c2004. |
||
| 300 |
_axxiv, 716p.: _bill.; _c26cm. |
||
| 500 | _aIncludes index. | ||
| 505 | _aContents: The Alogorithmic foundatins of computer science -- The Hardware world -- The Virtual machine -- The Software world -- Applications -- Social issues in computing. | ||
| 650 | _aComputer science. | ||
| 700 | _aGersting, Judith L. | ||
| 942 |
_2lcc _cBK |
||
| 999 |
_c1950 _d9450 |
||